Meranie zmien vo vektorovej katastrálnej mape číselnej

Na minha lista:
Detalhes bibliográficos
Autor principal: Vlček, Samuel, 1990- (Author)
Outros Autores: Hudecová, Ľubica, 1965- (Thesis advisor)
Formato: Manuscrito Livro
Idioma:eslovaco
Publicado em: Bratislava : STU v Bratislave SvF, 2014
Assuntos:
Acesso em linha:VAIS
Tags: Adicionar Tag
Sem tags, seja o primeiro a adicionar uma tag!

MARC

LEADER 00000ntm a22000003a 4500
001 stu297562
005 20150617230310.1
008 140919s2014----xo------------------slo-d
040 |a STU  |b slo 
041 0 |a slo 
044 |a xo 
100 1 |a Vlček, Samuel,  |d 1990-  |4 aut  |u V  |T SvF Stavebná fakulta  |X 67480  |U V  |Y 10  |7 A000067480 
242 0 0 |a Measuring changes in numeric vector cadastral map  |y eng 
245 1 |a Meranie zmien vo vektorovej katastrálnej mape číselnej 
260 |a Bratislava :  |b STU v Bratislave SvF,  |c 2014 
650 7 |a geodézia a kartografia  |2 stusub 
650 7 |a Geodesy and Cartography  |2 estusub 
650 7 |a vector cadastral map  |2 estusub 
650 7 |a vektorová katastrálna mapa  |2 stusub 
700 1 |a Hudecová, Ľubica,  |d 1965-  |4 ths  |u V210  |U SvF Stavebná fakulta  |T SvF Katedra mapovania a pozemkových úprav  |X 1662  |U V210  |Y 22  |7 A000001662 
856 4 |a info a plný text  |u http://is.stuba.sk/zp/portal_zp.pl?podrobnosti=103357  |3 VAIS